Normal view
MARC view
Entry Topical Term
001 - CONTROL NUMBER
- control field: 10231
003 - CONTROL NUMBER IDENTIFIER
- control field: ARRUPE
005 - DATE AND TIME OF LATEST TRANSACTION
- control field: 20140515121911.0
008 - FIXED-LENGTH DATA ELEMENTS
- fixed length control field: 140515|| aca||aabn | a|a d
040 ## - CATALOGING SOURCE
- Original cataloging agency: ARRUPE
- Transcribing agency: ARRUPE
150 ## - HEADING--TOPICAL TERM
- Topical term or geographic name as entry element: Pastoral medicine.
670 ## - SOURCE DATA FOUND
- Source citation: Work cat.: (ARRUPE)0: Arbuckle, Gerald A. 10228, Healthcare ministry :, c2000.